000 00972nam a2200289Ia 4500
001 Para_7858
003 CHAP
008 220125s2002 xx 000 0 und d
010 _a206807
040 _cCHAP
090 _aPA TESIS 1641
100 _aPérez Tellez, Daniel
_990057
245 _aManejo de trips (Thysanoptera-Thripidae) en crisantemo (Dendranthema grandiflora Tzelev) en Tequexquinahuac, Texcoco, México /
_c por Daniel Pérez Tellez
260 _aChapingo, Méx. :
_b el autor
300 _a54 h.
502 _aTesis (Ing. Agr. Esp. en Parasitología Agrícola) -- UACh. Departamento de Parasitología Agrícola
650 _aCrisantemo
_x plagas
_928961
650 _aTrips
_9164497
710 _aUACh. Departamento Parasitología Agrícola
_9164025
901 _aPA TESIS 1641
902 _aM
905 _a0000002002 n 0000000000 00
910 _a2002
942 _cPARA
942 _cPARA
_d1
999 _c206807
_d206807